All about network directories: Understanding directory services and business applications

Đã lưu trong:
Sonraí Bibleagrafaíochta
Príomhúdar: Kevin Kampman
Formáid: Leabhar
Teanga:Undetermined
Foilsithe: New York John Wiley & Sons 2000
Ábhair:
Clibeanna: Cuir Clib Leis
Gan Chlibeanna, Bí ar an gcéad duine leis an taifead seo a chlibeáil!
Thư viện lưu trữ: Trung tâm Học liệu Trường Đại học Cần Thơ
LEADER 00599nam a2200193Ia 4500
001 CTU_42220
008 210402s9999 xx 000 0 und d
020 |b 749.000đ 
082 |a 658.05 
082 |b K15 
100 |a Kevin Kampman 
245 0 |a All about network directories: Understanding directory services and business applications 
245 0 |c Kevin Kampman, Christina Kampman 
260 |a New York 
260 |b John Wiley & Sons 
260 |c 2000 
650 |a directories,electronics directories 
904 |i Minh, 010712 
980 |a Trung tâm Học liệu Trường Đại học Cần Thơ